000 00297nam a2200121 a 4500
008 101213s1957|||| d
245 1 0 _aLiterárna siluetka J. W. Goetheho
100 1 _aPašteka, Július
260 _bSVKL
_aBratislava
_c1957
020 _c12,40
044 _axo
_cSK
041 _aslo
999 _c15215
_d15215